| 000 | 00927nam a2200229Ii 4500 | ||
|---|---|---|---|
| 003 | JO-AjNU | ||
| 008 | 230605s9999||||xx |||||||||||||| ||und|| | ||
| 017 | _a2010/2/446 | ||
| 020 | _a978-9957-11-877-8 | ||
| 040 |
_aJO-AjNU _bara _erda _cJO-AjNU |
||
| 041 | _aara | ||
| 050 | 1 | 4 | _aKMM49.A31976.H35.2011 |
| 100 | 3 |
_a الحلالشة ، عبد الرحمن احمد , _eauthor _950355 |
|
| 245 | 0 | 0 | _aالمختصر في شرح القانون المدني الأردني عقد البيع " دراسة متفابلة مع الفقة الإسلامي والقوانين المدنية العربية " |
| 250 | _aط1 | ||
| 264 | 3 | 1 | _aعمان : دار وائل ، 2011 |
| 300 |
_a381ص _bيشتمل على المراجع ص ( 365 - 376 ) |
||
| 336 |
_atext _btxt _2rdacontent |
||
| 337 |
_aunmediated _bn _2rdamedia |
||
| 338 |
_avolume _bnc _2rdacarrier |
||
| 650 | 4 |
_aالقانون المدني -- الأردن _950356 |
|
| 999 |
_aA22176 _c25744 _d25744 |
||